odmiana czasownika essere, avere i volere - Statystyki

Ogólne statystyki
  • Ten quiz został rozwiązany 251 razy
    248 od ostatniego zresetowania
  • Średni wynik to 16 z 21
Statystyki odpowiedzi
% Poprawnych
lui, lei é
99%
Io sono
99%
tu sei
97%
noi siamo
95%
tłumaczenie: być
94%
voi siete
92%
loro sono
92%
Io ho
90%
tu hai
88%
lui,lei ha
86%
noi abbiamo
85%
tłumaczenie mieć
78%
voi avete
77%
loro hanno
76%
Io voglio
61%
tłumaczenie: chcieć
59%
tu vuoi
57%
noi vogliamo
55%
voi volete
54%
lui, lei vuole
52%
loro vogliono
46%
Nie znaleziono quizów pasujących do podanych kryteriów
Rozkład punktacji
Procent ludzi z każdym wynikiem
Percentyl według liczby udzielonych odpowiedzi
Twoja historia wyników
Nie rozwiązałeś tego quizu od ostatniego zresetowania